banner koha

Efeito do armazenamento e do progenitor masculino sobre a qualidade e micromorfologia de sementes de maracujá (Registro n. 218239)

MARC details
000 -LÍDER
campo de controle de tamanho fixo 01061nas a2200313 4500
001 - NÚMERO DE CONTROLE
campo de controle BR2012002224
003 - IDENTIFICADOR DO NÚMERO DE CONTROLE
campo de controle BR-BrBNA
005 - DATA E HORÁRIO DA ÚLTIMA TRANSAÇÃO
campo de controle 20231205120401.0
007 - CAMPO FIXO DE DESCRIÇÃO FÍSICA--INFORMAÇÃO GERAL
campo de controle de tamanho fixo ta
008 - CAMPO DE DADOS FIXOS--INFORMAÇÃO GERAL
campo de controle de tamanho fixo 230509b bl.|||p| |||| 00| 00por d
040 ## - FONTE DA CATALOGAÇÃO
Instituição da catalogação original BR-BrBNA
Idioma da catalogação por
Instituição que transcreveu o registro Biblioteca Nacional de Agricultura
041 ## - CÓDIGO DE IDIOMA
Código do idioma do texto/trilha sonora ou título diferente (Pt)
072 ## - CÓDIGO DE CATEGORIA DE ASSUNTO
Código de Categoria de Assunto J10; F02
100 1# - ENTRADA PRINCIPAL--NOME PESSOAL
Nome pessoal Araújo, E.C. de
100 1# - ENTRADA PRINCIPAL--NOME PESSOAL
Nome pessoal Silva, R.F. da
100 1# - ENTRADA PRINCIPAL--NOME PESSOAL
Nome pessoal Barroso, D.G.
100 1# - ENTRADA PRINCIPAL--NOME PESSOAL
Nome pessoal Carvalho, A.J.C. de
245 1# - TÍTULO
Título Efeito do armazenamento e do progenitor masculino sobre a qualidade e micromorfologia de sementes de maracujá
246 1# - FORMA VARIANTE DO TÍTULO
Título/título abreviado Effect of storage and male ancestor on the quality and micromorphology of passionfruit seeds
650 ## - ASSUNTO--TERMO TÓPICO
Cabeçalho tópico ou nome geográfico MARACUJÁ
650 ## - ASSUNTO--TERMO TÓPICO
Cabeçalho tópico ou nome geográfico PASSIFLORA EDULIS
650 ## - ASSUNTO--TERMO TÓPICO
Cabeçalho tópico ou nome geográfico ARMAZENAMENTO
650 ## - ASSUNTO--TERMO TÓPICO
Cabeçalho tópico ou nome geográfico SEMENTE
650 ## - ASSUNTO--TERMO TÓPICO
Cabeçalho tópico ou nome geográfico PROPAGAÇÃO VEGETATIVA
650 ## - ASSUNTO--TERMO TÓPICO
Cabeçalho tópico ou nome geográfico REPRODUÇÃO VEGETAL
773 0# - ENTRADA ANALÍTICA
Título Revista Brasileira de Sementes (Brazil)
ISSN - International Standard Serial Number ISSN 0101-3122
Partes relacionadas (Dec 2009), v. 31(4) p. 110-119
Número de controle do registro BR2012002224
909 ## -
-- 202311
-- Lúcia
-- 55
-- Lúcia Elande
942 ## - ELEMENTOS DE ENTRADA ADICIONADOS (KOHA)
Fonte da classificação ou esquema de arquivamento na estante Classificação AGRIS
Ocultar no OPAC Não
Tipo de material Koha Analítica
Exemplares
Situação do descarte Fonte da classificação ou esquema de arquivamento na estante Situação física Não pode ser emprestado Biblioteca de origem Biblioteca atual Localização na estante Enumeração do periódico / cronologia Total de empréstimos Data de último acesso Número do exemplar Tipo de material Koha Fonte de aquisição
  Classificação AGRIS   Consulta local Biblioteca Nacional de Agricultura - Binagri Biblioteca Nacional de Agricultura - Binagri   (Dec 2009), v. 31(4) p. 110-119   29/11/2023 01 Periódicos Portaria Interministerial nº 164/94

BINAGRI

Telefone: (61)3218-2567/2388/3357/2097 - binagri@agro.gov.br

Ministério da Agricultura e Pecuária , Esplanada dos Ministérios, Bloco D, Anexo B, Brasília/DF, CEP: 70.043-900